The impact of office design on business performance (Record no. 104291)

MARC details
000 -LEADER
fixed length control field 01157cam a2200205 4500
001 - CONTROL NUMBER
control field L129834
008 - FIXED-LENGTH DATA ELEMENTS--GENERAL INFORMATION
fixed length control field 050527n2005 000 0 eng u
035 ## - SYSTEM CONTROL NUMBER
System control number (Sirsi) u129834
041 ## - LANGUAGE CODE
Language code of text/sound track or separate title eng
050 ## - LIBRARY OF CONGRESS CALL NUMBER
Classification number 725.23
-- 18
110 ## - MAIN ENTRY--CORPORATE NAME
Corporate name or jurisdiction name as entry element Commission for Architecture and the Built Environment
9 (RLIN) 4058
245 #4 - TITLE STATEMENT
Title The impact of office design on business performance
260 ## - PUBLICATION, DISTRIBUTION, ETC.
Place of publication, distribution, etc. London
Name of publisher, distributor, etc. CABE
Date of publication, distribution, etc. 2005
520 ## - SUMMARY, ETC.
Summary, etc. This report examines the existing literature that looks at the relationship between the design of the workplace and business performance. Businesses exist to return measurable value to stakeholders. The aim of this study has been to to identify those designs factors that might make office environments more productive, serving strategic purposes of the business.
590 ## - LOCAL NOTE (RLIN)
Local note IKA070605
690 ## - LOCAL SUBJECT ADDED ENTRY--TOPICAL TERM (OCLC, RLIN)
Topical term or geographic name as entry element BUILT ENVIRONMENT-CONSTRUCTION DESIGN-ARCHITECTURAL DESIGN
710 ## - ADDED ENTRY--CORPORATE NAME
Corporate name or jurisdiction name as entry element British Council for Offices
9 (RLIN) 3992
856 ## - ELECTRONIC LOCATION AND ACCESS
Uniform Resource Identifier <a href="https://webarchive.nationalarchives.gov.uk/20110118095356/http:/www.cabe.org.uk/files/the-impact-of-office-design-on-business-performance.pdf">https://webarchive.nationalarchives.gov.uk/20110118095356/http:/www.cabe.org.uk/files/the-impact-of-office-design-on-business-performance.pdf</a>
Public note View the item free of charge at the www.cabe.org.uk website.
942 ## - ADDED ENTRY ELEMENTS (KOHA)
Suppress in OPAC 0
Holdings
Withdrawn status Lost status Source of classification or shelving scheme Damaged status Not for loan Home library Current library Shelving location Date acquired Total Checkouts Full call number Barcode Date last seen Copy number Price effective from Koha item type
    Dewey Decimal Classification     Virtual Virtual Online 27/05/2005   ONLINE PUBLICATION 129834-2001 06/08/2019 1 06/08/2019 Book